| 000 | 00880cam a22002775a 4500 | ||
|---|---|---|---|
| 001 | 009564659 | ||
| 005 | 20151111103040.0 | ||
| 008 | 940913t1994 nyua frb 001 0 eng d | ||
| 010 | _a94014913 | ||
| 020 | _a0824792149 | ||
| 040 |
_aUk _beng _cUk _dEG-ScBUE |
||
| 082 | 0 | 4 |
_a615.6 _bCOL _222 |
| 245 | 0 | 0 |
_aColloidal drug delivery systems / _cedited by Jörg Kreuter. |
| 260 |
_aNew York : _bMarcel Dekker, _cc.1994. |
||
| 300 |
_avii, 353 p. : _bill. ; _c24 cm. |
||
| 490 | 0 |
_aDrugs and the pharmaceutical sciences ; _vv. 66 |
|
| 500 | _aIndex : p. 343-353. | ||
| 504 | _aIncludes bibliographical references. | ||
| 650 | 0 |
_aDrug delivery systems. _2BUEsh _936090 |
|
| 650 | 0 |
_aColloids in medicine. _2BUEsh |
|
| 651 | _2BUEsh | ||
| 653 |
_bPPhrm _cNovember2015 |
||
| 655 |
_vReading book _934232 |
||
| 700 | 1 |
_aKreuter, Jörg, _d1948-, _eeditor. |
|
| 942 |
_2ddc _k615.6 COL |
||
| 999 |
_c21037 _d21009 |
||